Die politische Elite in der Bundesrepublik Deutschland
| Main Author: | |
|---|---|
| Format: | Print Book |
| Language: | German |
| Subito Delivery Service: | Order now. |
| Check availability: | HBZ Gateway |
| WorldCat: | WorldCat |
| Interlibrary Loan: | Interlibrary Loan for the Fachinformationsdienste (Specialized Information Services in Germany) |
| Published: |
München
Piper
1974
|
| In: |
Piper-Sozialwissenschaft (1)
Year: 1974 |
| Edition: | 2., überarb. Aufl., 6. - 8. Tsd. |
| Series/Journal: | Piper-Sozialwissenschaft
1 |
| Standardized Subjects / Keyword chains: | B
Deutschland (boat, 1866-1875) (Bundesrepublik)
/ Politics
/ Elite
B Deutschland (boat, 1866-1875) (Bundesrepublik) / Political elite |
| Further subjects: | B
Civil service
Germany, West
B Germany, West Politics and governement B Political sociology B Elite (Social sciences) B Civil service Germany (West) B Elite B Germany (West) Politics and government |
MARC
| LEADER | 00000cam a2200000 c 4500 | ||
|---|---|---|---|
| 001 | 020631065 | ||
| 003 | DE-627 | ||
| 005 | 20251219204331.0 | ||
| 007 | tu | ||
| 008 | 920101s1974 gw ||||| 00| ||ger c | ||
| 015 | |a 75,A18,0242 |2 dnb | ||
| 016 | 7 | |a 750177209 |2 DE-101 | |
| 020 | |a 3492018769 |9 3-492-01876-9 | ||
| 035 | |a (DE-627)020631065 | ||
| 035 | |a (DE-576)005527899 | ||
| 035 | |a (DE-599)GBV020631065 | ||
| 035 | |a (OCoLC)2003537 | ||
| 035 | |a (OCoLC)02003537 | ||
| 035 | |a (OCoLC)252872978 | ||
| 035 | |a (DE-604)8030751144 | ||
| 040 | |a DE-627 |b ger |c DE-627 |e rakwb | ||
| 041 | |a ger | ||
| 044 | |c XA-DE | ||
| 050 | 0 | |a JN3971.A5 | |
| 082 | 0 | |a 320.943 |q OCLC | |
| 084 | |a POL 503 |2 sfb | ||
| 084 | |a POL 75 |2 sfb | ||
| 084 | |a POL 786 |2 sfb | ||
| 084 | |a S 325 |2 sfb | ||
| 084 | |a 06a |2 sdnb | ||
| 084 | |a 3,6 |2 ssgn | ||
| 084 | |a MG 15082 |2 rvk |0 (DE-625)rvk/122818:12046 | ||
| 100 | 1 | |0 (DE-588)117757241 |0 (DE-627)07917289X |0 (DE-576)160283485 |4 aut |a Beyme, Klaus von |d 1934-2021 | |
| 109 | |a Beyme, Klaus von 1934-2021 |a Bajme, Klaus 1934-2021 |a Beyme, Klaus 1934-2021 |a Beyme, K. von 1934-2021 |a Von Beyme, Klaus 1934-2021 |a Beyme, K. v. 1934-2021 |a Beyme, Klaus v. 1934-2021 |a Beyme, Klaus Gustav Heinrich von 1934-2021 | ||
| 191 | |a 1 | ||
| 245 | 1 | 4 | |a Die politische Elite in der Bundesrepublik Deutschland |c Klaus von Beyme |
| 250 | |a 2., überarb. Aufl., 6. - 8. Tsd. | ||
| 264 | 1 | |a München |b Piper |c 1974 | |
| 300 | |a 243 S. |b graph. Darst. |c 21 cm | ||
| 336 | |a Text |b txt |2 rdacontent | ||
| 337 | |a ohne Hilfsmittel zu benutzen |b n |2 rdamedia | ||
| 338 | |a Band |b nc |2 rdacarrier | ||
| 490 | 1 | |a Piper-Sozialwissenschaft |v 1 |a Texte und Studien zur Politologie | |
| 500 | |a Literaturverz. S. 225 - 235 | ||
| 650 | 0 | |a Elite (Social sciences) | |
| 650 | 0 | |a Germany, West |x Politics and governement | |
| 650 | 0 | |a Civil service |x Germany, West | |
| 650 | 4 | |a Elite | |
| 650 | 4 | |a Politische Soziologie | |
| 653 | 0 | |a Germany (West) |a Politics and government | |
| 653 | 0 | |a Civil service |a Germany (West) | |
| 689 | 0 | 0 | |d g |0 (DE-588)4011889-7 |0 (DE-627)104732423 |0 (DE-576)208896201 |2 gnd |a Deutschland |g Bundesrepublik |
| 689 | 0 | 1 | |d s |0 (DE-588)4046514-7 |0 (DE-627)104152206 |0 (DE-576)209069945 |2 gnd |a Politik |
| 689 | 0 | 2 | |d s |0 (DE-588)4014457-4 |0 (DE-627)106340115 |0 (DE-576)208907858 |2 gnd |a Elite |
| 689 | 0 | |5 (DE-627) | |
| 689 | 1 | 0 | |d g |0 (DE-588)4011889-7 |0 (DE-627)104732423 |0 (DE-576)208896201 |2 gnd |a Deutschland |g Bundesrepublik |
| 689 | 1 | 1 | |d s |0 (DE-588)4076219-1 |0 (DE-627)104189045 |0 (DE-576)209201215 |2 gnd |a Politische Elite |
| 689 | 1 | |5 (DE-627) | |
| 830 | 0 | |a Piper-Sozialwissenschaft |v 1 |9 1 |w (DE-627)129292109 |w (DE-576)008434905 |w (DE-600)120602-3 |7 am | |
| 889 | |w (DE-627)025479008 | ||
| 889 | |w (DE-627)379209217 | ||
| 889 | |w (DE-627)445153199 | ||
| 889 | |w (DE-627)636854906 | ||
| 935 | |a mteo | ||
| 935 | |i Blocktest | ||
| 936 | r | v | |a MG 15082 |b Politische Führung, Rekrutierung, Repräsentation |k Politologie |k Politische Systeme einzelner Länder |k Europa, Nordamerika |k Westeuropa, Mitteleuropa |k Bundesrepublik Deutschland |k Bundesrepublik Deutschland |k Politisches Verhalten, politische Psychologie, politisches Bewußtsein |k Politische Führung, Rekrutierung, Repräsentation |0 (DE-627)1271013657 |0 (DE-625)rvk/122818:12046 |0 (DE-576)201013657 |
| 951 | |a BO | ||
| ELC | |b 1 | ||
| ORI | |a SA-MARC-ixtheo_oa001.raw | ||
| REL | |a 1 | ||
| STA | 0 | 0 | |a Elite,Leading group,Political leadership,Political elite,Political leadership class,Reigning class,Reigning elite,Political sociology,Politics,Politics and government,Politics, Practical,Politics in art |
| STB | 0 | 0 | |a Politique,Politique,Pratiques politiques,Sociologie politique,Élite politique,Élite,Élite (sciences sociales),Classes dirigeantes |
| STC | 0 | 0 | |a Elite,Elite política,Política,Política,Sociología política |
| STD | 0 | 0 | |a Elite politica,Politica,Politica,Sociologia politica,Élite |
| STE | 0 | 0 | |a 政治,政治,政治精英,精英,杰出人物,优秀分子 |
| STF | 0 | 0 | |a 政治,政治,政治社会学,政治精英,精英,傑出人物,優秀分子 |
| STG | 0 | 0 | |a Elite,Elite política,Política,Política,Sociologia política |
| STH | 0 | 0 | |a Политика (мотив),Политика,Политическая социология,Политическая элита,Элита |
| STI | 0 | 0 | |a Ελίτ,Πολιτική (μοτίβο),Πολιτική,Πολιτική ελίτ,Πολιτική κοινωνιολογία |
| SUB | |a REL | ||
| SYE | 0 | 0 | |a Elite,Elitenbildung,Führungsschicht,Herrschende Klasse,Machtelite,Oberschicht,Politische Elite,Upper class,Führungsgruppe,Führungsschicht,Eliten , Politiksoziologie,Politik |
| SYG | 0 | 0 | |a DDR,Deutsche Demokratische Republik,Germany,Amerikanische Zone Deutschlands,BRD,Britische Zone Deutschlands,Bundesrepublik Deutschland,Französische Zone Deutschlands,Vereinigtes Wirtschaftsgebiet Deutschlands,BRD,Bundesrepublik Deutschland , Vereinigtes Wirtschaftsgebiet,Bizone,Verwaltung des Vereinigten Wirtschaftsgebietes,Französische Zone,Zone Française d'Occupation,Französische Besatzungszone,ZFO,Britische Zone,British occupation zone,Britische Besatzungszone,British Zone of Control,Britisches Kontrollgebiet,British Element,Britisches Element,Sowjetische Zone,Russische Zone,Sowjetische Besatzungszone,Russische Besatzungszone,Sowjetische Besatzungszone Deutschlands,Sowjetische Besatzungszone in Deutschland,Sowjetisch Besetzte Zone,Sowjetzone,Ostzone,SBZ,Länder,Westliche Bundesländer,Alte Bundesländer,Deutschland,Westdeutschland,Deutschland,Westzonen,Westliche Besatzungszonen,Trizone,Amerikanische Zone,American occupation zone,Amerikanische Besatzungszone,ABZ,United States Area of Control,Amerikanisches Kontrollgebiet,U.S. zone of occupation,United States Zone,U.S. Zone,US-Zone,Deutsche Demokratische Republik,DDR,Deutschland,German Democratic Republic,GDR,République Démocratique Allemande,RDA,Germanskaja Demokratičeskaja Respublika,Demokratičeskaja Respublika,Democratic Republic,Demokratische Republik,Niemiecka Republika Demokratyczna,NRD,Ǧumhūrīyat Almāniyā ad-Dīmuqrāṭīya,República Democrática Alemana,Saksan Demokraattisen Tasavallan,Repubblica Democratica Tedesca,Mitteldeutschland,Ostdeutschland,East Germany,Ostzone,Östliche Bundesländer,Neue Bundesländer,Länder,Deutschland,Ostdeutschland,Deutschland,Deutschland,Alemanha,Alemania,Allemagne,Almanija,Almāniyā,Bondsrepubliek Duitsland,BRD,BRD,Bundesrepublik Deutschland,Deutschland,Deutschland,Federal Republic of Germany,Förbundsrepubliken Tyskland,Förbundsrepublikken Tyskland,FRG,Germany,Németországi Szövetségi Kőztársaság,Niemiecka Republika Federalna Niemiecka Republika Federalna,NRF,Repubblica Federale di Germania,Republic of Germany,República Federal da Alemanha,República Federal de Alemania,Republik Federasi Djerman,Republika Federalna Niemiec,République Fédérale d'Allemagne,RFN,Saksan Liittotasavalta,Westdeutschland,Deutsche Länder,Germany,Heiliges Römisches Reich,Rheinbund,Deutscher Bund,Norddeutscher Bund,Deutsches Reich,Deutschland,Deutschland,BRD,Federal Republic of Germany,Republic of Germany,Allemagne,Ǧumhūrīyat Almāniyā al-Ittiḥādīya,Bundesrepublik Deutschland,BRD,Niemcy,République Fédérale d'Allemagne,Repubblica Federale di Germania,Germanija,Federativnaja Respublika Germanija,FRG,Deyizhi-Lianbang-Gongheguo , Politics,Public policy,Staatspolitik,Politische Lage,Politische Entwicklung,Staatspolitik,Politische Lage,Politische Entwicklung,Politische Situation , Elite,Elitenbildung,Führungsschicht,Herrschende Klasse,Machtelite,Oberschicht,Politische Elite,Upper class,Führungsgruppe,Führungsschicht,Eliten , DDR,Deutsche Demokratische Republik,Germany,Amerikanische Zone Deutschlands,BRD,Britische Zone Deutschlands,Bundesrepublik Deutschland,Französische Zone Deutschlands,Vereinigtes Wirtschaftsgebiet Deutschlands,BRD,Bundesrepublik Deutschland , Vereinigtes Wirtschaftsgebiet,Bizone,Verwaltung des Vereinigten Wirtschaftsgebietes,Französische Zone,Zone Française d'Occupation,Französische Besatzungszone,ZFO,Britische Zone,British occupation zone,Britische Besatzungszone,British Zone of Control,Britisches Kontrollgebiet,British Element,Britisches Element,Sowjetische Zone,Russische Zone,Sowjetische Besatzungszone,Russische Besatzungszone,Sowjetische Besatzungszone Deutschlands,Sowjetische Besatzungszone in Deutschland,Sowjetisch Besetzte Zone,Sowjetzone,Ostzone,SBZ,Länder,Westliche Bundesländer,Alte Bundesländer,Deutschland,Westdeutschland,Deutschland,Westzonen,Westliche Besatzungszonen,Trizone,Amerikanische Zone,American occupation zone,Amerikanische Besatzungszone,ABZ,United States Area of Control,Amerikanisches Kontrollgebiet,U.S. zone of occupation,United States Zone,U.S. Zone,US-Zone,Deutsche Demokratische Republik,DDR,Deutschland,German Democratic Republic,GDR,République Démocratique Allemande,RDA,Germanskaja Demokratičeskaja Respublika,Demokratičeskaja Respublika,Democratic Republic,Demokratische Republik,Niemiecka Republika Demokratyczna,NRD,Ǧumhūrīyat Almāniyā ad-Dīmuqrāṭīya,República Democrática Alemana,Saksan Demokraattisen Tasavallan,Repubblica Democratica Tedesca,Mitteldeutschland,Ostdeutschland,East Germany,Ostzone,Östliche Bundesländer,Neue Bundesländer,Länder,Deutschland,Ostdeutschland,Deutschland,Deutschland,Alemanha,Alemania,Allemagne,Almanija,Almāniyā,Bondsrepubliek Duitsland,BRD,BRD,Bundesrepublik Deutschland,Deutschland,Deutschland,Federal Republic of Germany,Förbundsrepubliken Tyskland,Förbundsrepublikken Tyskland,FRG,Germany,Németországi Szövetségi Kőztársaság,Niemiecka Republika Federalna Niemiecka Republika Federalna,NRF,Repubblica Federale di Germania,Republic of Germany,República Federal da Alemanha,República Federal de Alemania,Republik Federasi Djerman,Republika Federalna Niemiec,République Fédérale d'Allemagne,RFN,Saksan Liittotasavalta,Westdeutschland,Deutsche Länder,Germany,Heiliges Römisches Reich,Rheinbund,Deutscher Bund,Norddeutscher Bund,Deutsches Reich,Deutschland,Deutschland,BRD,Federal Republic of Germany,Republic of Germany,Allemagne,Ǧumhūrīyat Almāniyā al-Ittiḥādīya,Bundesrepublik Deutschland,BRD,Niemcy,République Fédérale d'Allemagne,Repubblica Federale di Germania,Germanija,Federativnaja Respublika Germanija,FRG,Deyizhi-Lianbang-Gongheguo , Herrschaftselite,Machtelite,Politische Führungsschicht,Politische Klasse,Herrschende Klasse,Elite,Politische Eliten |
| TIM | |a 100019490523_100019901002 |b 1949-05-23 - 1990-10-02 | ||



